Nachbarstädte Essens - mit Karte - Statistiken

Allgemein
  • Dieses Quiz wurde 326 mal gespielt
  • Das Durchschnittsergebnis liegt bei 6 aus 10
Antworten auf der Karte
Die Antworten werden auf der Karte rot bzw. grün angezeigt, abhängig davon wie oft sie richtig erraten wurden.
 
Antwortstatistiken
Stadt % Korrekt
Bochum
92%
Gelsenkirchen
90%
Oberhausen
85%
Bottrop
76%
Mülheim
75%
Velbert
51%
Hattingen
49%
Gladbeck
46%
Ratingen
45%
Heiligenhaus
28%
Keine übereinstimmenden Quizze gefunden
Verteilung der Resultate
Anzahl Personen mit jedem Resultat
Perzentil nach korrekt beantworteten Fragen
Ihre Resultats-Entwicklung
Sie haben dieses Quiz noch nicht gespielt